Quizzes
Events
Quiz Creation
Community
Videos
Private Events
Remove Ads
Sign In
Join for FREE
Feedback
Dark Mode
Quiz Categories
Sports
Geography
Music
Movies
Television
Just For Fun
Miscellaneous
History
Literature
Language
Science
Gaming
Entertainment
Religion
Holiday
For Kids
Quiz Lab
Recent
Popular Today
Quiz Kudos Today
Editor Picks
Curator Picks
Quizzes by...
Day
Popularity
Type
Ratings
Length
Year
Community
Subscriptions
Recent Discussions
Orange Saloon
Badges
Playlists
Quests
Create
Leaderboards
Showdown
Live 5
Trivia Bingo
Activity
Puzzle Library
Sporcle Events
Private Events
Virtual Trivia
Globe League
Become a Host
Pub Owners
SporcleCon
Opinionation
Our Games
Videos
Blog
Mobile Apps
Partnerships
Remove Ads and Go Orange
Feedback
Geography
Country
Landmarks
City
State
Population
World
Capital
Continent
Flags
Europe
Africa
Asia
South America
North America
Oceania
Border
Canada
United Kingdom
Topography
United States
Geography
Country
Landmarks
City
State
Population
World
Capital
Continent
Flags
Europe
Africa
Asia
South America
North America
Oceania
Border
Canada
United Kingdom
Topography
United States
Random Quiz
Search Sporcle
×
Quiz Lab
Quiz Lab
Geography
Subway Lines
Type in answers that appear in a list
Type in answers that appear in a list
Classic
Best Score? Go Orange.
Budapest Metro stations Stats
Can you name the Budapest Metro Stations?
By
GarryC
10m
52 Questions
1,001 Plays
1,001 Plays
1,001 Plays
Comments
Comments
Give Quiz Kudos
Give Quiz Kudos
-
- Ratings
hide this ad
More Info
Replay
Link that replays current quiz
Next Quiz
Link to next quiz in quiz playlist
You Got
0%
They Got
Avg Score
73%
Avg Friend Score
Upgrade to see
Score Distribution
Jump to the score distribution portion of the page
Score
0/52
Timer
10:00
0
Plays Today
Metro line serviced
Station
% Correct
1-
Yellow
Deák Ferenc tér
93%
2-
Red
Deák Ferenc tér
93%
3-
Blue
Deák Ferenc tér
93%
4-
Green
Keleti pályaudvar
91.4%
2-
Red
Keleti pályaudvar
91.3%
3-
Blue
Nyugati pályaudvar
87.5%
1-
Yellow
Oktogon
85.6%
2-
Red
Astoria
85.6%
2-
Red
Déli pályaudvar
85.3%
3-
Blue
Corvin-negyed
85%
2-
Red
Blaha Lujza tér
83.1%
3-
Blue
Újpest-Központ
83%
3-
Blue
Újpest-Városkapu
82.9%
4-
Green
Kálvin tér
82.4%
1-
Yellow
Vörösmarty tér
82.1%
3-
Blue
Kálvin tér
82.1%
1-
Yellow
Vörösmarty utca
82%
3-
Blue
Kőbánya-Kispest
82%
1-
Yellow
Hősök tere
81.9%
2-
Red
Széll Kálmán tér
80.5%
1-
Yellow
Mexikói út
80.1%
2-
Red
Puskás Ferenc Stadion
80.1%
2-
Red
Örs vezér tere
79%
2-
Red
Kossuth Lajos tér
78.3%
1-
Yellow
Opera
78.2%
3-
Blue
Ferenciek tere
75.2%
Metro line serviced
Station
% Correct
4-
Green
Kelenföldi pályaudvar
74.8%
3-
Blue
Arany János utca
74.1%
2-
Red
Batthyány tér
72.7%
2-
Red
Pillangó utca
72.6%
3-
Blue
Klinikák
70.6%
4-
Green
Kelenföld, városközpont
70.4%
3-
Blue
Lehel tér
69.5%
1-
Yellow
Széchenyi-fürdő
68.6%
3-
Blue
Népliget
68.3%
3-
Blue
Árpád híd
67.3%
4-
Green
Szent Gellért tér
67.3%
1-
Yellow
Kodály körönd
66%
3-
Blue
Nagyvárad tér
65.8%
4-
Green
Rákóczi tér
65.2%
3-
Blue
Pöttyös utca
64.6%
4-
Green
II. János Pál pápa tér
62.6%
3-
Blue
Határ út
62.2%
4-
Green
Fővám tér
61.7%
4-
Green
Móricz Zsigmond körtér
60%
1-
Yellow
Bajza utca
56.6%
4-
Green
Újbuda-Központ
56.1%
3-
Blue
Dózsa György út
54.9%
3-
Blue
Gyöngyösi utca
54.4%
1-
Yellow
Bajcsy-Zsilinszky út
53.9%
3-
Blue
Ecseri út
53.2%
3-
Blue
Forgách utca
50.7%
Quiz Playlist
Details
Report
Send in Message
Add To Playlist
More Info:
Name the stations of the Budapest Metro, the oldest subway system in continental Europe.
Classic:
Type in answers that appear in a list
Quiz Source
Last Updated: Feb 16, 2017
Quiz Scoreboard
CHALLENGE
Sign Up to Join the Scoreboard
Show All
Scores
Hide
Comments
May contain spoilers
Recently Published
College Basketball Coaching Resumes
by pancakes188
Sports
9m
Billboard Blitz: Fleetwood Mac
by CooCooCachoo
Music
15s
Presidents Visiting Landmarks
by Hejman
History
7m
More to Explore
Quiz From the Vault
Featured Blog Post
Where Did the Easter Bunny Come From?
hide this ad
You Might Also Like...
Tags
Hungary
Magyar
Magyarország
metro
Subway
Subway Line
Subway Lines
Subway Systems
Train Stations
transport
transportation
Today's Top Quizzes in Geography
Browse Geography
hide this ad
Today's Top Quizzes in Subway Lines
Browse Subway Lines
Top Contributed Quizzes in Geography
1
Countries of the World - No Outlines Minefield
2
Top 25 Cities of France on a map
3
Any capital of a 'B' country per Continent
4
Any capital of a 'C' country per Continent
5
Closest Countries to UK A-Z
6
Any capital of a 'D' country per Continent
7
5-to-1: US Geography No Hints
8
Any capital of an 'E' country per Continent
9
Click the Alabama Counties! (Map)
10
One Thing in Common: United Kingdom
Explore More
Trending Topics
Kpop
Marvel
Anime
Crossword
NBA
Disney
Harry Potter
WWE
Country
Puzzle
The Office
Pokémon
Song
Soccer
NFL
hide this ad
More By:
GarryC
Quiz
Plays
Rating
Category
Featured
Created
Budapest Metro stations
1,001
5.00
Geography
Mar 6, 2012
Go to Creator's Profile
Score Distribution
Quiz Creator Spotlight
GarryC
Follow
Send a Message
Quizzes Created
-
Created Quiz Play Count
-
More By This Creator
Popular Quizzes Today
1
Find the US States - No Outlines Minefield
2
Find the Countries of Europe - No Outlines Minefield
3
The Countries of the World
4
Find the US States
5
Risky Map Clicking: Biggest States A-Z
6
US States
7
Popular People in 1961
8
Movies - When Are They Set?
More Geography Quizzes
Hide South America's Flags by Capital
Quiz Lab
Trending Quizzes
Risky Map Clicking: Least Populous States A-Z
1-10 Letter G Words
1-10 Letter F Words
Risky Map Clicking: Next State Alphabetically
Risky Map Clicking: Biggest States A-Z
Recently Updated
Leaping Animals
pecheneg
Reality TV Shows (A-Z)
bhenderson79
Rickey Henderson's Hall of Fame Teammates
pecheneg
Champions League XIs: Arsenal
pecheneg
Quick Pick: Celebrities in WWE's Hall of Fame
aduchscher
A-Z Keypad Blitz II
pecheneg
Multiple Oscar Actors
pecheneg
Mystery Phrase Blitz: Oscar 'Best Actors'
pecheneg
F. Scott Fitzgerald Novels
LTH
Pick 3 Villains
ddd62291
Trending Topics
Crossword
Kpop
Marvel
Disney
NBA
Anime
Harry Potter
The Office
NFL
Puzzle
Country
Pokémon
Soccer
WWE
Song
Your Account Isn't Verified!
In order to create a playlist on Sporcle, you need to verify the email address you used during registration. Go to your
Sporcle Settings
to finish the process.
Report this User
Report this user for behavior that violates our
Community Guidelines
.
Details:
Send Report
Go to the Sporcle.com Mobile Site →
Comments